| 000 | 00581nam a2200217Ia 4500 | ||
|---|---|---|---|
| 003 | OSt | ||
| 005 | 20220107122610.0 | ||
| 008 | 130318s9999 xx 000 0 und d | ||
| 020 | _a007463626x | ||
| 040 | _cIIITMK | ||
| 082 | _a658.31125 GUH/Q | ||
| 100 |
_aGuha, A _911454 |
||
| 245 | _aQuantitative aptitude for competitive examination | ||
| 250 | _a2 | ||
| 260 |
_bTata Mc Graw Hill _aNew Delhi _c2000 |
||
| 300 | _achap. 1-30, S1-53 & M1-29 | ||
| 650 |
_aAPTITUDE TEST. _911455 |
||
| 650 |
_aQUANTITATIVE APTITUDE. _911456 |
||
| 650 |
_aREASONING. _911457 |
||
| 942 |
_2ddc _cBK |
||
| 999 |
_c528 _d528 |
||